000 00877nam2a22002531 4500
001 rc\2288071
005 20250623072134.0
035 _a(NLR Aleph) 006664764
090 _a4931753
_c4931753
100 _a20110829d1979 |||y0rusy50 ca
101 0 _arus
102 _aRU
105 _aa z |||||
200 0 _aЧ. 1
210 _d1979
_aБ. м.
215 _a79 с.
_cил.
320 _aБиблиогр.: с. 75-78
461 0 _1001rc\2288070
_12001#$aФизика окисных пленок$eКурс лекций$vЧ. 1
_1700#1$aОдынец$bЛ.Л.$f1913$gЛев Львович
_94931743
_aОдынец, Л.Л. (1913)
_cПетрозаводск
_d1979-
_nПГУ
_oКурс лекций
_tФизика окисных пленок
_vЧ. 1
801 0 _aRU
_bNLR
_gpsbo
801 1 _aRU
_bELAR
_2rusmarc
852 _aNLR
_j80-4/9150
942 _cBOOK
980 _aNB